000 00457nam a22001817a 4500
003 MPLRDC
005 20220104114343.0
008 210129b ||||| |||| 00| 0 eng d
020 _a957-803-564-5
082 _a862.57 KAT v.1
100 _a可爱淘
245 _a爱情局外人 1
_c黄黌译
250 _a初版
260 _a台湾
_b平装本出版有限公司
_c2006
300 _b415
650 _a韩国现代小说
942 _cBK
_o862.57 KAT v.1
999 _c6823
_d6813